Agentúry Európskej únie: dosahovanie výsledkov osobitná správa č. 5 / 2008

Gespeichert in:
Bibliographische Detailangaben
Körperschaft: European Court of Auditors
Format: Buch
Sprache:Slowakisch
Veröffentlicht: Luxemburg Úrad pre vydávanie úradných publikácií Európskych spoločenstiev 2008
Schlagworte:
Tags: Tag hinzufügen
Keine Tags, Fügen Sie das erste Tag hinzu!

MARC

LEADER 00000nam$a2200000$$$4500
001 0088397
005 20250825120524.7
020 |a 978-92-9207-087-8 
041 0 |a slo 
044 |a LU 
245 1 0 |a Agentúry Európskej únie: dosahovanie výsledkov  |b osobitná správa č. 5 / 2008 
264 1 |a Luxemburg  |b Úrad pre vydávanie úradných publikácií Európskych spoločenstiev  |c 2008 
300 |a 45 s. 
610 2 0 |a audit 
610 2 0 |a hospodárenie finančné 
610 2 0 |a Európska komisia 
610 2 0 |a Európska únia 
710 2 |a European Court of Auditors